|
|
|
|
| LEADER |
00000nam a22000007a 4500 |
| 005 |
20130916170049.0 |
| 007 |
cr|||| |||| |
| 008 |
130916c20109999co z||| s|||| 0||| 1spa d |
| 022 |
|
|
|a 1900-2386
|
| 035 |
|
|
|a 11473
|
| 040 |
|
|
|a vLex
|
| 090 |
|
|
|c 4488
|d 4488
|
| 245 |
0 |
0 |
|a Psychologa̕
|h [Recurso electrn̤ico] :
|b Avances de la disciplina
|
| 256 |
|
|
|a Servicio en ln̕ea
|
| 260 |
|
|
|a Bogot ̀:
|b Universidad de San Buenaventura de Bogot,̀
|c 2010 -
|
| 300 |
|
|
|a 1 recurso electrn̤ico
|
| 310 |
|
|
|a Bianual
|
| 362 |
|
|
|a Nm︢. 1 (2010) -
|
| 506 |
1 |
|
|a Contenido solo disponible en los productos indicados
|d vLex Global
|d vLex Global (Academic Edition, excluding Law Schools)
|d vLex Global (U.S. Academic Edition, Law Schools)
|d vLex Global (U.S. Academic Edition, excluding Law Schools)
|d vLex Global (Academic Edition, Law Schools)
|
| 650 |
0 |
4 |
|a Psicologa̕
|z Colombia
|
| 740 |
0 |
|
|a vLex Revistas (Servicio en ln̕ea)
|
| 856 |
4 |
0 |
|u http://vlex.com/source/psychologia-avances-disciplina-11473
|z Acceso restringido
|
| 942 |
|
|
|c REV
|
| 999 |
0 |
|
|a Psychology
|